[Event "18th Unive Open 2014"]
[Site "Hoogeveen NED"]
[Date "2014.10.17"]
[Round "8.14"]
[White "Pranav Vijay"]
[Black "Antoli Royo, Joaquin Miguel"]
[Result "1/2-1/2"]
[BlackTitle "IM"]
[WhiteElo "2197"]
[BlackElo "2450"]
[WhiteFideId "5091640"]
[BlackFideId "2259532"]
[EventDate "2014.10.11"]

1. d4 Nf6 2. c4 c5 3. d5 b5 4. cxb5 a6 5. bxa6 g6 6. Nc3 Bxa6 7. g3 d6 8. Bg2
Bg7 9. Nf3 Nbd7 10. Rb1 O-O 11. O-O Qa5 12. Bd2 Nb6 13. b3 Rfb8 14. a4 Nbd7 15.
Qc2 Qc7 16. Rfd1 Rb7 17. e4 Ng4 18. Bf1 Qc8 19. Bxa6 Rxa6 20. Kg2 Qa8 21. Bf4
Rb4 22. Na2 Rb8 23. Nc3 Rb4 24. Na2 Rb7 25. Nc3 Rb4 1/2-1/2

[Event "18th Unive Open 2014"]
[Site "Hoogeveen NED"]
[Date "2014.10.17"]
[Round "8.15"]
[White "De Jong, Migchiel"]
[Black "Mueer, Sebastian"]
[Result "0-1"]
[WhiteTitle "IM"]
[WhiteElo "2321"]
[BlackElo "2185"]
[WhiteFideId "1002848"]
[BlackFideId "24622001"]
[EventDate "2014.10.11"]

1. e4 e6 2. d4 d5 3. Nc3 Nf6 4. Bg5 Bb4 5. e5 h6 6. Bc1 Ne4 7. Qg4 g6 8. Ne2 c5
9. a3 Bxc3+ 10. bxc3 cxd4 11. cxd4 Qa5+ 12. c3 Nc6 13. Be3 Ne7 14. Qh3 f6 15. f3
Ng5 16. Qg4 fxe5 17. Bxg5 hxg5 18. dxe5 Bd7 19. Qxg5 Rh5 20. Qe3 d4 21. Qxd4 Nc6
22. Qd2 Rxe5 23. f4 Rd5 24. Qe3 O-O-O 25. g3 e5 26. Bg2 exf4 27. gxf4 Re8 28.
Qf3 Nd4 29. Qxd5 Qxc3+ 30. Kf1 Qxa1+ 31. Kf2 Rxe2+ 32. Kg3 Nf5+ 33. Kf3 Re3+ 34.
Kg4 Qb2 35. Kg5 Re6 36. Qc5+ Kb8 0-1

[Event "18th Unive Open 2014"]
[Site "Hoogeveen NED"]
[Date "2014.10.17"]
[Round "8.16"]
[White "Buckels, Valentin"]
[Black "Tondivar, Babak"]
[Result "0-1"]
[BlackTitle "FM"]
[WhiteElo "2179"]
[BlackElo "2288"]
[WhiteFideId "12942766"]
[BlackFideId "12501239"]
[EventDate "2014.10.11"]

1. d4 e6 2. c4 f5 3. Nf3 Nf6 4. g3 d5 5. Bg2 c6 6. O-O Bd6 7. b3 Qe7 8. Bb2 b6
9. Qc1 Bb7 10. Ba3 Nbd7 11. Bxd6 Qxd6 12. Qf4 Qxf4 13. gxf4 dxc4 14. bxc4 c5 15.
Nc3 Ke7 16. d5 Ne4 17. Nxe4 fxe4 18. d6+ Kxd6 19. Ng5 Ke7 20. Nxe4 Nf6 21. Nxf6
Bxg2 22. Kxg2 gxf6 23. a4 Kd6 24. Kf3 Rhg8 25. Rfd1+ Kc6 26. Rd3 Rad8 27. Re3
Rd6 28. a5 b5 29. cxb5+ Kxb5 30. Rc3 Rc8 31. Rb1+ Ka6 32. Rbc1 Rdc6 33. Ke4 c4
34. f5 exf5+ 35. Kxf5 Kb5 36. Rb1+ Kc5 37. Rb2 Rd8 38. f4 Kd4 39. Rbc2 Rd5+ 40.
Kg4 Rxa5 41. e3+ Kd5 42. Kf5 Rb5 43. Ra3 Kc5 44. Ra4 Kb6+ 45. Ke4 c3 46. Kd3
Rd5+ 47. Ke2 a5 48. Ra3 Rdc5 49. Rb3+ Kc7 50. e4 a4 51. Ra3 Rc4 52. Ke3 Kb6 53.
Kd3 Kb5 54. h3 Kb4 55. Rca2 Rd6+ 56. Ke3 Ra6 0-1

[Event "18th Unive Open 2014"]
[Site "Hoogeveen NED"]
[Date "2014.10.17"]
[Round "8.17"]
[White "Mellema, Andries"]
[Black "Wunnink, Michael"]
[Result "1-0"]
[WhiteElo "2136"]
[BlackElo "2286"]
[WhiteFideId "1011464"]
[BlackFideId "1005448"]
[EventDate "2014.10.11"]

1. e4 e5 2. Bc4 Nf6 3. d3 c6 4. Nf3 d5 5. Bb3 a5 6. a3 a4 7. Ba2 Bd6 8. O-O O-O
9. Nc3 Be6 10. exd5 cxd5 11. Bg5 Ra5 12. Re1 Nbd7 13. Qd2 Qc7 14. Qe2 Rc8 15.
Bxf6 Nxf6 16. h3 h6 17. Rac1 Re8 18. Qf1 d4 19. Bxe6 dxc3 20. Ba2 cxb2 21. Rb1
Bxa3 22. Re2 Qc3 23. Nd2 b5 24. f4 Qd4+ 25. Kh1 Nh5 26. Qe1 Qxf4 27. Rf2 Raa8
28. Rxf4 exf4 29. Ne4 Ng3+ 30. Kh2 Rac8 31. Qd1 Nxe4 32. dxe4 Red8 33. Qh5 Rxc2
34. Qxf7+ Kh8 35. e5 Rdc8 36. Qg6 Rf2 37. Qd3 b4 38. Bd5 Rd8 39. Qd4 Rc2 40.
Qxf4 Rc1 41. Be4 b3 42. Qf5 Kg8 43. Qe6+ Kh8 44. Qa6 Bc5 45. Qg6 Kg8 46. Rxb2
Bd4 47. Qe6+ Kh8 48. Rd2 Bg1+ 49. Kg3 Rc3+ 50. Kg4 Rdc8 51. Qg6 Kg8 52. Rd7 1-0

[Event "18th Unive Open 2014"]
[Site "Hoogeveen NED"]
[Date "2014.10.17"]
[Round "8.18"]
[White "Boersma, Jan"]
[Black "Vedder, Richard"]
[Result "0-1"]
[BlackTitle "FM"]
[WhiteElo "2067"]
[BlackElo "2277"]
[WhiteFideId "1003267"]
[BlackFideId "1004166"]
[EventDate "2014.10.11"]

1. e4 e5 2. Nc3 Nf6 3. Nf3 Nc6 4. Bb5 Bd6 5. d3 a6 6. Ba4 h6 7. h3 b5 8. Bb3 Bb7
9. a4 b4 10. Ne2 Na5 11. Ba2 O-O 12. g4 b3 13. cxb3 Bb4+ 14. Bd2 Qe7 15. Ng3 g6
16. O-O Kh7 17. Qc1 Bxd2 18. Qxd2 Nc6 19. Rac1 d5 20. g5 Nh5 21. b4 Nxb4 22. Bb3
Nxg3 23. fxg3 Nxd3 24. gxh6 Nxc1 25. Qxc1 f6 26. exd5 Rad8 27. h4 Bxd5 28. Bxd5
Rxd5 29. Kh2 e4 30. Re1 Rfd8 31. Qc4 e3 32. Qf4 Re8 33. Kg2 Rf5 34. Qc4 Qe4 35.
Qe2 g5 36. hxg5 fxg5 0-1

[Event "18th Unive Open 2014"]
[Site "Hoogeveen NED"]
[Date "2014.10.17"]
[Round "8.19"]
[White "Colijn, Stefan"]
[Black "Kramer, Julian"]
[Result "1/2-1/2"]
[WhiteElo "2259"]
[BlackElo "2147"]
[WhiteFideId "1016199"]
[BlackFideId "12921742"]
[EventDate "2014.10.11"]

1. d4 d5 2. Nf3 Nf6 3. c4 c6 4. Nc3 e6 5. e3 Nbd7 6. Qc2 Bd6 7. Bd3 O-O 8. O-O
Qe7 9. e4 dxc4 10. Bxc4 e5 11. dxe5 Nxe5 12. Nxe5 Qxe5 13. g3 Qh5 14. Qe2 Ng4
15. f3 Nxh2 16. Qxh2 Qc5+ 17. Kg2 Qxc4 18. Rh1 f6 19. Qxh7+ Kf7 20. Bf4 Bb4 21.
g4 Qe6 22. Rh6 Rg8 23. g5 Kf8 24. Rh5 Bd7 25. gxf6 gxf6+ 26. Kh1 Qf7 27. Rd1 Be6
28. Ne2 Ke7 29. Nd4 Rad8 30. a3 Rg7 31. Qh6 Bd6 32. Nxe6 Kxe6 33. Bxd6 Rxd6 34.
Rxd6+ Kxd6 35. Qf4+ Kd7 36. Rh6 Qc4 37. Qd2+ Ke6 38. Kh2 Qf1 39. Rxf6+ Kxf6 40.
Qd6+ Kf7 41. Qd7+ Kg6 42. Qf5+ Kh6 43. Qf6+ Kh7 44. Qh4+ Kg6 45. Qg4+ Kh7 1/2-1/2

[Event "18th Unive Open 2014"]
[Site "Hoogeveen NED"]
[Date "2014.10.17"]
[Round "8.20"]
[White "De Ruiter, Danny"]
[Black "Majhi, Ankit"]
[Result "1-0"]
[WhiteElo "2235"]
[BlackElo "2172"]
[WhiteFideId "1020650"]
[BlackFideId "1033735"]
[EventDate "2014.10.11"]

1. d4 Nf6 2. c4 g6 3. Nc3 Bg7 4. Nf3 O-O 5. g3 d6 6. Bg2 Nc6 7. O-O a6 8. Qd3
Bf5 9. e4 Bg4 10. Be3 Nd7 11. Nd2 Nf6 12. h3 Bd7 13. a3 Qc8 14. Kh2 e5 15. d5
Nd4 16. Bxd4 exd4 17. Ne2 c5 18. dxc6 bxc6 19. Nxd4 Rb8 20. Rab1 Rb6 21. b4 c5
22. Nc2 Qb8 23. bxc5 dxc5 24. Ne3 Be6 25. Nd5 Rb2 26. Nb3 Nd7 27. Rxb2 Bxb2 28.
Rb1 Qe5 29. f4 Qg7 30. Na5 h5 31. Nc6 h4 32. g4 Kh8 33. e5 Nxe5 34. Nxe5 Bxe5
35. fxe5 Qxe5+ 36. Kh1 f5 37. Qd2 Kg7 38. Re1 Qd6 39. Qb2+ Kg8 40. Nf6+ Kf7 41.
Nh7 Bxc4 42. Nxf8 fxg4 43. Nh7 gxh3 44. Ng5+ 1-0

[Event "18th Unive Open 2014"]
[Site "Hoogeveen NED"]
[Date "2014.10.17"]
[Round "8.21"]
[White "Hendriks, Richard"]
[Black "Vogel, Jaap"]
[Result "1/2-1/2"]
[BlackTitle "FM"]
[WhiteElo "2110"]
[BlackElo "2239"]
[WhiteFideId "1006096"]
[BlackFideId "1000764"]
[EventDate "2014.10.11"]

1. e4 e6 2. d4 d5 3. Nc3 Bb4 4. e5 c5 5. Bd2 Ne7 6. a3 Bxc3 7. Bxc3 Nbc6 8. Nf3
cxd4 9. Bxd4 Nxd4 10. Qxd4 Bd7 11. Bd3 Qa5+ 1/2-1/2

[Event "18th Unive Open 2014"]
[Site "Hoogeveen NED"]
[Date "2014.10.17"]
[Round "8.22"]
[White "Henrich, Thomas"]
[Black "Boer, Alef"]
[Result "0-1"]
[WhiteElo "2227"]
[BlackElo "2167"]
[WhiteFideId "4640993"]
[BlackFideId "1007122"]
[EventDate "2014.10.11"]

1. d4 d5 2. c4 e6 3. Nc3 Nf6 4. Bg5 Be7 5. e3 Nbd7 6. Qc2 c6 7. Nf3 a6 8. Rd1 h6
9. Bh4 O-O 10. a3 dxc4 11. Bxc4 b5 12. Ba2 Bb7 13. O-O Rc8 14. Ne5 Nxe5 15. dxe5
Nd7 16. Bb1 g6 17. Bxe7 Qxe7 18. Qe4 Rfd8 19. Qf4 Qg5 20. Ne4 Qxf4 21. exf4 Kf8
22. Nd6 Rc7 23. Be4 Ba8 24. Rd2 c5 25. Rfd1 Nb6 26. f3 Bd5 27. Kf2 c4 28. g4 Rc5
29. Nb7 Rdc8 30. Nxc5 Rxc5 31. Rc1 Rc8 32. f5 Kg7 33. fxg6 fxg6 34. Rd4 a5 35.
Ke3 b4 36. axb4 axb4 37. Bxd5 Nxd5+ 38. Ke4 c3 39. bxc3 bxc3 40. Rxd5 exd5+ 41.
Kxd5 c2 42. Ke6 g5 43. Ke7 Rc7+ 44. Kd6 Rc3 45. Kd5 Kf7 46. Kd4 Rxf3 47. Rxc2
Rf4+ 48. Kd5 Rxg4 49. Rc7+ Kf8 50. Ke6 Rg2 51. Rf7+ Kg8 52. Ra7 Rf2 53. h3 Rf3
54. Ra8+ Kg7 55. h4 gxh4 56. Ra4 h3 57. Rg4+ Kh7 58. Kd7 h5 59. Rg1 h2 60. Rh1
Rf2 61. e6 Re2 62. Kc7 Kg7 63. Rf1 Rf2 64. Re1 Kf8 65. Kd6 Rd2+ 66. Kc5 Ke7 67.
Kc4 Re2 68. Rh1 Kxe6 69. Kd3 Rg2 70. Ke4 h4 71. Kf3 h3 72. Re1+ Kf5 73. Rh1 Kg5
74. Ra1 0-1

[Event "18th Unive Open 2014"]
[Site "Hoogeveen NED"]
[Date "2014.10.17"]
[Round "8.23"]
[White "Den Hartog, Marijn"]
[Black "Vereggen, Lars"]
[Result "0-1"]
[WhiteElo "2127"]
[BlackElo "2206"]
[WhiteFideId "1046098"]
[BlackFideId "1029258"]
[EventDate "2014.10.11"]

1. e4 c5 2. Nf3 d6 3. d4 cxd4 4. Nxd4 Nf6 5. Nc3 Nc6 6. Bb5 Bd7 7. O-O a6 8. Be2
e6 9. Be3 Be7 10. f4 b5 11. a3 Qc7 12. Bf3 Rc8 13. Nb3 Rd8 14. Qe2 Bc8 15. Rad1
O-O 16. g4 Nd7 17. g5 Nc5 18. Nd4 Bb7 19. f5 Ne5 20. Bg2 Rfe8 21. Qh5 Bf8 22.
Rf4 g6 23. Qh3 exf5 24. exf5 Bxg2 25. Kxg2 Qb7+ 26. Kg1 Nc4 27. Bc1 Bg7 28. f6
Bf8 29. Rh4 h5 30. gxh6 Ne6 31. h7+ Kh8 32. Nf3 d5 33. Rg4 Bc5+ 34. Kh1 Ne3 35.
Bxe3 Bxe3 36. Rd3 d4 37. Ne4 Qd5 38. Nfd2 Qa2 39. Nf1 Qb1 40. Qg2 Nf4 41. Rxf4
Bxf4 42. Ng3 Rc8 43. Qd5 Bxg3 44. Rf3 Qd1 45. Kg2 Rxc2+ 46. Kxg3 Qe1+ 47. Kh3
Qe6+ 0-1

[Event "18th Unive Open 2014"]
[Site "Hoogeveen NED"]
[Date "2014.10.17"]
[Round "8.24"]
[White "Hovenga, Alje"]
[Black "Lesmann, Francis"]
[Result "1/2-1/2"]
[WhiteElo "2201"]
[BlackElo "2090"]
[WhiteFideId "1005812"]
[BlackFideId "1001949"]
[EventDate "2014.10.11"]

1. d4 Nf6 2. Nf3 g6 3. c4 Bg7 4. Nc3 O-O 5. e4 d6 6. Be2 e5 7. Be3 Ng4 8. Bg5 f6
9. Bh4 Nc6 10. d5 Ne7 11. Nd2 Nh6 12. f3 c5 13. Rb1 g5 14. Bf2 f5 15. b4 b6 16.
bxc5 bxc5 17. g3 Ng6 18. Qa4 fxe4 19. fxe4 Bh3 20. Nd1 Qf6 21. Rb3 Qe7 22. Qa6
Bg2 23. Rg1 Bh3 24. Be3 Ng4 25. Bxg4 Bxg4 26. Nf2 Bc8 27. Qa5 Nf4 28. Nf1 Nh3
29. Nxh3 Bxh3 30. Qd2 h6 31. Qe2 Qd7 32. g4 Bxf1 33. Rxf1 Rf4 34. Bxf4 exf4 35.
h3 Bd4 36. Qc2 Re8 37. Ke2 Qh7 38. Kd1 Qxe4 39. Qxe4 Rxe4 40. Re1 Be3 41. Ke2
Kf7 42. Rb7+ Kf6 43. Rd1 Rxc4 44. Rd7 Bd4 45. Rxd6+ Ke5 46. Rd8 Rc2+ 47. Kf1 f3
48. Rf8 Rf2+ 49. Ke1 Re2+ 50. Kf1 Rf2+ 51. Ke1 Re2+ 1/2-1/2

[Event "18th Unive Open 2014"]
[Site "Hoogeveen NED"]
[Date "2014.10.17"]
[Round "8.25"]
[White "Smeets, Pierre"]
[Black "Mijnheer, Peter"]
[Result "0-1"]
[WhiteElo "2044"]
[BlackElo "2169"]
[WhiteFideId "1043820"]
[BlackFideId "1007408"]
[EventDate "2014.10.11"]

1. d4 Nf6 2. Nf3 c5 3. d5 e6 4. Nc3 exd5 5. Nxd5 Nxd5 6. Qxd5 Nc6 7. e4 Be7 8.
Bc4 O-O 9. c3 d6 10. Bf4 Be6 11. Qd3 Qb6 12. O-O-O Rad8 13. h3 Qa5 14. Kb1 b5
15. Bd5 Qb6 16. g4 a5 17. g5 c4 18. Qe3 Qa6 19. Bxc6 Qxc6 20. Nd4 Qb7 21. Bg3 b4
22. Ka1 Rfe8 23. f4 Bf8 24. f5 Bd5 25. Qf2 Bxe4 26. Rhe1 Bd3 27. g6 bxc3 28.
bxc3 Rxe1 0-1

[Event "18th Unive Open 2014"]
[Site "Hoogeveen NED"]
[Date "2014.10.17"]
[Round "8.26"]
[White "Henseler, Jorgen"]
[Black "Goossens, Hanne"]
[Result "1-0"]
[BlackTitle "WFM"]
[WhiteElo "2085"]
[BlackElo "2187"]
[WhiteFideId "1023233"]
[BlackFideId "200468"]
[EventDate "2014.10.11"]

1. d4 Nf6 2. c4 e6 3. Nc3 Bb4 4. f3 d5 5. a3 Bxc3+ 6. bxc3 c5 7. cxd5 Nxd5 8.
dxc5 Qa5 9. e4 Ne7 10. Be3 O-O 11. Qb3 Qc7 12. Bb5 Nec6 13. Ne2 e5 14. O-O Be6
15. Qa4 Na5 16. Rab1 Rd8 17. Nd4 exd4 18. cxd4 Nbc6 19. Rfd1 Ne7 20. Bf2 Nac6
21. Bg3 Qd7 22. Bd6 a6 23. Be2 b5 24. Qc2 Nc8 25. d5 Nxd6 26. cxd6 Qa7+ 27. Kh1
Rxd6 28. dxc6 Rxd1+ 29. Rxd1 Qc7 30. Qc5 g6 31. Kg1 h5 32. Rd6 Rc8 33. e5 Kg7
34. Kf2 Qe7 35. Qd4 Qe8 36. Qb6 Qe7 37. g3 Bf5 38. Qd4 Be6 39. Bd3 Qe8 40. Be4
Rc7 41. Bd5 Bxd5 42. Qxd5 Qb8 43. Rd7 Qb6+ 44. Kg2 Rxc6 45. Qxf7+ Kh6 46. Qf8+
Kg5 1-0

[Event "18th Unive Open 2014"]
[Site "Hoogeveen NED"]
[Date "2014.10.17"]
[Round "8.27"]
[White "Schoehuijs, Erik"]
[Black "Elgersma, Simon"]
[Result "1-0"]
[WhiteElo "2160"]
[BlackElo "1747"]
[WhiteFideId "1004425"]
[BlackFideId "1046101"]
[EventDate "2014.10.11"]

1. d4 Nf6 2. c4 g6 3. Nc3 Bg7 4. e4 d6 5. Nf3 O-O 6. h3 e5 7. d5 Na6 8. Be3 Nh5
9. a3 f5 10. b4 Nf6 11. Bd3 fxe4 12. Nxe4 Nxe4 13. Bxe4 Bf5 14. Nd2 Rc8 15. Qe2
Qe7 16. Rc1 c5 17. dxc6 Bxe4 18. Nxe4 bxc6 19. c5 d5 20. Nd6 Nc7 21. Nxc8 Rxc8
22. O-O d4 23. Bxd4 Nd5 24. Be3 Rf8 25. b5 cxb5 26. Qxb5 Nf4 27. Bxf4 exf4 28.
c6 f3 29. c7 fxg2 30. Kxg2 Rc8 31. Rfe1 Qf8 32. Qd7 a5 33. Re7 Bb2 34. Rce1 1-0

[Event "18th Unive Open 2014"]
[Site "Hoogeveen NED"]
[Date "2014.10.17"]
[Round "8.28"]
[White "Hummel, Paul"]
[Black "Sadallah, Osama"]
[Result "1-0"]
[WhiteElo "2027"]
[BlackElo "2108"]
[WhiteFideId "1021168"]
[BlackFideId "1002350"]
[EventDate "2014.10.11"]

1. Nf3 Nf6 2. d4 c6 3. c4 d5 4. Qc2 dxc4 5. Qxc4 Bf5 6. g3 e6 7. Bg2 h6 8. O-O
Nbd7 9. e3 Be7 10. Rd1 O-O 11. Nc3 Ne4 12. Ne1 Nxc3 13. bxc3 Qa5 14. e4 Bg6 15.
Be3 Rac8 16. Qb3 c5 17. Qxb7 Rc7 18. Qb2 Nb6 19. Bf4 Rcc8 20. Nd3 c4 21. Ne5 Na4
22. Qb7 Ba3 23. Nxg6 fxg6 24. Be5 Be7 25. Qxe7 Rf7 26. Qxe6 Rf8 27. Qxc4 Nxc3
28. Rdc1 Na4 29. Bd6 Rd8 30. Bc7 1-0

[Event "18th Unive Open 2014"]
[Site "Hoogeveen NED"]
[Date "2014.10.17"]
[Round "8.29"]
[White "Bakels, Anton"]
[Black "Szostko, Jakub"]
[Result "0-1"]
[WhiteElo "2056"]
[BlackElo "2102"]
[WhiteFideId "1046187"]
[BlackFideId "1174282"]
[EventDate "2014.10.11"]

1. e4 c5 2. Nf3 e6 3. d4 cxd4 4. Nxd4 Nf6 5. Nc3 d6 6. g4 h6 7. Rg1 Nc6 8. h4 h5
9. gxh5 Nxh5 10. Bg5 Nf6 11. Nxc6 bxc6 12. Qf3 Qa5 13. O-O-O Rb8 14. Qg3 Nd7 15.
b3 Qa3+ 16. Kb1 a5 17. Bc1 Qb4 18. Bd2 Qb7 19. Bg5 Qb4 20. Bd2 Qc5 21. Bc1 Be7
22. Bb2 Bxh4 23. Qxg7 Bf6 24. Qg3 Be5 25. f4 Bxf4 26. Qxf4 Qxg1 27. Qxd6 Qc5 28.
Nb5 Rxb5 29. Qc7 Rb8 30. Bf6 Qb6 31. Qd6 Nxf6 0-1

[Event "18th Unive Open 2014"]
[Site "Hoogeveen NED"]
[Date "2014.10.17"]
[Round "8.30"]
[White "Fluit, Johnny"]
[Black "Oord, Raymon"]
[Result "0-1"]
[WhiteElo "2108"]
[BlackElo "1841"]
[WhiteFideId "1016253"]
[BlackFideId "1046110"]
[EventDate "2014.10.11"]

1. d4 Nf6 2. Bg5 e6 3. e4 h6 4. Bxf6 Qxf6 5. Nc3 Bb4 6. Qd3 c5 7. a3 cxd4 8.
axb4 dxc3 9. bxc3 O-O 10. Nf3 Nc6 11. b5 Ne5 12. Nxe5 Qxe5 13. Qd4 Qxd4 14. cxd4
d5 15. exd5 exd5 16. Bd3 a5 17. bxa6 bxa6 18. Ra5 Bb7 19. Kd2 Rfe8 20. Rb1 Re7
21. Rb6 Rae8 22. h4 h5 23. g3 g6 24. Kc3 Rc8+ 25. Rc5 Ra8 26. Kb4 Re1 27. Ra5
Rb1+ 28. Kc5 Rc8+ 0-1

[Event "18th Unive Open 2014"]
[Site "Hoogeveen NED"]
[Date "2014.10.17"]
[Round "8.31"]
[White "Hummel, Joop"]
[Black "Groetzbach, Daniel"]
[Result "1-0"]
[WhiteElo "1975"]
[BlackElo "1976"]
[WhiteFideId "1012126"]
[BlackFideId "24692166"]
[EventDate "2014.10.11"]

1. Nf3 d5 2. d4 Nf6 3. c4 c6 4. Nc3 e6 5. cxd5 exd5 6. Bg5 Be7 7. Qc2 Nbd7 8. e3
Nf8 9. Bd3 Ng6 10. O-O O-O 11. Rab1 Re8 12. b4 Ne4 13. Bxe7 Qxe7 14. b5 f5 15.
bxc6 bxc6 16. Na4 Qd6 17. Rfc1 Re6 18. h4 f4 19. Bxe4 dxe4 20. Ng5 Ne7 21. Nxe6
Bxe6 22. Rb7 Bc8 23. Rbb1 Bf5 24. Qc5 Qd7 25. Qe5 Ng6 26. Rb8+ Kf7 27. Nc5 1-0

[Event "18th Unive Open 2014"]
[Site "Hoogeveen NED"]
[Date "2014.10.17"]
[Round "8.32"]
[White "Weidmann, Kevin"]
[Black "Poznyak, Nazar"]
[Result "0-1"]
[WhiteElo "1883"]
[BlackElo "1824"]
[WhiteFideId "12939994"]
[BlackFideId "14159902"]
[EventDate "2014.10.11"]

1. e4 d5 2. exd5 Qxd5 3. Nc3 Qd6 4. d4 Nf6 5. Bc4 a6 6. Nge2 e6 7. O-O b5 8. Bb3
Bb7 9. Nf4 c5 10. dxc5 Qxd1 11. Rxd1 Bxc5 12. Bxe6 fxe6 13. Nxe6 Bb6 14. Rd6 Nc6
15. Nxg7+ Kf7 16. Bg5 Bc7 17. Nf5 Ne8 18. Nh6+ Kg7 19. Rd7+ Kg6 20. Be3 Rd8 21.
Rad1 Rxd7 22. Rxd7 Ne5 23. Rd1 Nf6 24. f4 Neg4 25. f5+ Kh5 26. Nxg4 Kxg4 27. Bd4
Rf8 28. h3+ Kxf5 29. Rf1+ Kg6 30. Ne2 Nd7 31. Rxf8 Nxf8 32. Kf2 Ne6 33. Be3 Be5
34. c3 Bd5 35. a3 Bc4 36. Ng3 Nf4 37. b4 Nd3+ 38. Kf3 Bxc3 39. Ne4 Bd5 40. g4
Ne1+ 41. Kf4 Ng2+ 42. Kf3 Nxe3 43. Kxe3 Bxe4 44. Kxe4 Bb2 0-1

[Event "18th Unive Open 2014"]
[Site "Hoogeveen NED"]
[Date "2014.10.18"]
[Round "9.1"]
[White "Roiz, Michael"]
[Black "Beliavsky, Alexander G"]
[Result "1/2-1/2"]
[WhiteTitle "GM"]
[BlackTitle "GM"]
[WhiteElo "2585"]
[BlackElo "2618"]
[WhiteFideId "2804158"]
[BlackFideId "14602377"]
[EventDate "2014.10.11"]

1. d4 Nf6 2. c4 e6 3. Nc3 Bb4 4. Qc2 O-O 5. Nf3 c5 6. dxc5 Na6 7. g3 Nxc5 8. Bg2
b6 9. O-O Bb7 10. Nb5 Be4 11. Qd1 Nb7 12. a3 Be7 13. Bf4 1/2-1/2

[Event "18th Unive Open 2014"]
[Site "Hoogeveen NED"]
[Date "2014.10.18"]
[Round "9.2"]
[White "Guramishvili, Sopiko"]
[Black "Mikhalevski, Victor"]
[Result "0-1"]
[WhiteTitle "IM"]
[BlackTitle "GM"]
[WhiteElo "2381"]
[BlackElo "2550"]
[WhiteFideId "13602888"]
[BlackFideId "2801914"]
[EventDate "2014.10.11"]

1. d4 d5 2. c4 e6 3. Nc3 Bb4 4. Nf3 Nf6 5. Bg5 h6 6. Bh4 dxc4 7. e3 b5 8. a4 c6
9. Be2 Bb7 10. O-O a6 11. Ne5 Nbd7 12. Qc2 Be7 13. Rfd1 O-O 14. b3 b4 15. bxc4
bxc3 16. Bf3 Nxe5 17. dxe5 Nd7 18. Rab1 Rb8 19. Bg3 Qc7 20. Qxc3 c5 0-1

[Event "18th Unive Open 2014"]
[Site "Hoogeveen NED"]
[Date "2014.10.18"]
[Round "9.3"]
[White "Vovk, Andrey"]
[Black "Romanishin, Oleg M"]
[Result "1/2-1/2"]
[WhiteTitle "GM"]
[BlackTitle "GM"]
[WhiteElo "2637"]
[BlackElo "2490"]
[WhiteFideId "14114470"]
[BlackFideId "14100088"]
[EventDate "2014.10.11"]

1. e4 e5 2. Nf3 Nc6 3. Bc4 Nf6 4. Ng5 d5 5. exd5 Na5 6. Bb5+ Bd7 7. Qe2 Be7 8.
d4 exd4 9. Bd2 b6 10. d6 cxd6 11. Nf3 Bxb5 12. Qxb5+ Qd7 13. Nxd4 Qxb5 14. Nxb5
Kd7 15. N1c3 Nc4 16. O-O-O a6 17. Nd4 Nxd2 18. Rxd2 g6 19. Nf3 Kc6 20. Re1 Rhe8
21. Rd4 Bf8 22. Red1 b5 23. g4 Rab8 24. a3 Nd7 25. Ng5 Ne5 26. Nxh7 Nf3 27. R4d3
Ne5 28. Rg3 Bg7 29. Nd5 Nc4 30. Nhf6 Re2 31. b3 Bxf6 32. Nxf6 Nxa3 33. Rc3+ Kb7
34. Nd5 Rc8 35. Rxc8 Kxc8 36. Kb2 Rxc2+ 37. Kxa3 Rxf2 38. Kb4 Rxh2 39. Rf1 Rd2
40. Nc3 Rd4+ 41. Ka5 Rd3 42. Rc1 Kb7 43. g5 d5 44. Rc2 Ka7 45. Ne2 Kb7 46. Rc3
Rd2 47. Nf4 d4 48. Rc5 d3 49. Kb4 Rd1 50. Rd5 d2 51. Ne2 Kc6 52. Rd8 a5+ 53. Kc3
a4 54. b4 Rb1 55. Kxd2 Rxb4 56. Nd4+ Kc5 57. Kc3 Rc4+ 58. Kd3 a3 59. Nc2 Rg4 60.
Rc8+ Kb6 61. Rb8+ Kc5 62. Rc8+ Kb6 63. Rb8+ Kc5 64. Rc8+ 1/2-1/2

[Event "18th Unive Open 2014"]
[Site "Hoogeveen NED"]
[Date "2014.10.18"]
[Round "9.5"]
[White "Van Osch, Mees"]
[Black "Stocek, Jiri"]
[Result "0-1"]
[BlackTitle "GM"]
[WhiteElo "2188"]
[BlackElo "2551"]
[WhiteFideId "1035967"]
[BlackFideId "304760"]
[EventDate "2014.10.11"]

1. e4 d6 2. d4 Nf6 3. Nc3 g6 4. Be3 a6 5. h3 Nbd7 6. f4 b5 7. e5 b4 8. Qf3 Rb8
9. exf6 bxc3 10. fxe7 Qxe7 11. bxc3 Bb7 12. Qf2 Bh6 13. Nf3 Nf6 14. Bd3 Nd5 15.
O-O Nxe3 16. Rae1 Bxf4 17. Nd2 Bg5 18. Nc4 Nxf1 19. Qxf1 O-O 20. Rxe7 Bxe7 21.
Na5 Ba8 22. Bxa6 Rb2 23. Bd3 Rxa2 24. Nb3 Bg5 25. Qe1 Bc6 26. Qg3 Bh6 27. Qh4
Kg7 28. c4 Re8 29. d5 Bd7 30. Kh2 Be3 31. Qg3 Rb2 32. Qf3 Rb1 33. g3 Ba4 34. Be4
Re1 35. Kg2 Bxb3 36. cxb3 Ra8 37. h4 Ra2+ 38. Kh3 Rf2 39. Qg4 f5 40. Bxf5 Rh1# 0-1

[Event "18th Unive Open 2014"]
[Site "Hoogeveen NED"]
[Date "2014.10.18"]
[Round "9.6"]
[White "Raghavi, N."]
[Black "Hambleton, Aman"]
[Result "1/2-1/2"]
[WhiteTitle "WIM"]
[BlackTitle "IM"]
[WhiteElo "2253"]
[BlackElo "2456"]
[WhiteFideId "5017173"]
[BlackFideId "2606577"]
[EventDate "2014.10.11"]

1. e4 e6 2. d4 d5 3. Nd2 c5 4. Ngf3 cxd4 5. exd5 Qxd5 6. Bc4 Qd7 7. Nb3 Nc6 8.
O-O Nf6 9. Nbxd4 Nxd4 10. Nxd4 a6 11. Re1 b5 12. Be2 Bb7 13. Bf3 Be7 14. Nxe6
fxe6 15. Qxd7+ Nxd7 16. Bxb7 Ra7 17. Bf3 Kf7 18. Bg4 e5 19. Bd2 Nf6 20. Bf3 Rc8
21. c3 Rd8 22. Be3 Rad7 23. Bb6 Rb8 24. Ba5 Rd2 25. Re2 Rxe2 26. Bxe2 Bd8 27.
Bxd8 Rxd8 28. Rd1 Rxd1+ 29. Bxd1 Ke6 30. Kf1 Kd5 31. Ke2 a5 32. Ke3 Kc5 33. h4
h6 34. g3 g5 35. Bf3 gxh4 36. gxh4 Kc4 37. Be2+ Kc5 38. Bd3 Ng4+ 39. Kf3 Nf6 40.
Bf5 Kd5 41. Ke3 Kc5 42. f3 Kd6 43. Be4 Nd7 44. f4 exf4+ 45. Kxf4 Nb6 46. Kf5 Na4
47. Kg6 Nxb2 48. Kxh6 Na4 49. Kg7 Nxc3 50. Bf3 b4 51. h5 a4 52. h6 b3 53. axb3
a3 54. h7 a2 55. h8=Q a1=Q 56. Qf8+ Kd7 57. Qf7+ Kd6 58. Qf4+ Ke6 59. Qf6+ Kd7
60. Qd4+ Kc7 61. Kf7 Qa5 62. b4 Qf5+ 63. Qf6 Qxf6+ 1/2-1/2